[Event "URS-ch sf"]
[Site "Daugavpils"]
[Date "1978.??.??"]
[Round "?"]
[White "Zhidkov, Valery S"]
[Black "Panchenko, Alexander N"]
[Result "0-1"]
[WhiteElo "2520"]
[BlackElo "2495"]

1. e4 c5 2. Nf3 Nc6 3. d4 cxd4 4. Nxd4 Nf6 5. Nc3 d6 6. Bg5 e6 7. Qd2 a6 8.  O-O-O Bd7 9. Be2 Be7 10. f4 Qc7 11. Qe3 h6 12. Bh4 Ng4 13. Bxg4 Bxh4 14. Nxc6  Bxc6 15. Nd5 Qa5 16. a3 Bxd5 17. exd5 e5 18. Qe4 Bf6 19. Be2 b5 20. Bd3 Rb8 21.  c3 Qc7 22. Kb1 a5 23. Rc1 Qa7 24. Rc2 Kd8 25. Re1 exf4 26. Qxf4 Qc7 27. Rce2  Be5 28. Rxe5 dxe5 29. Rxe5 Rb6 30. d6 Qxd6 31. Be4 g5 32. Qg3 Kc8 33. b4 Rd8  34. Rc5+ Kb8 35. bxa5 Qxg3 36. hxg3 Re6 37. Rxb5+ Ka7 38. Bd5 Rb8 39. a4 Rd6  0-1

[Event "URS-ch sf"]
[Site "Daugavpils"]
[Date "1978.??.??"]
[Round "?"]
[White "Zhidkov, Valery S"]
[Black "Zlotnik, Boris A"]
[Result "0-1"]
[WhiteElo "2520"]
[BlackElo "2430"]

1. e4 c5 2. Nf3 Nc6 3. d4 cxd4 4. Nxd4 Nf6 5. Nc3 e5 6. Ndb5 d6 7. Nd5 Nxd5 8.  exd5 Ne7 9. c3 f5 10. Qa4 Kf7 11. c4 Ng6 12. Qa3 a6 13. Be2 Rb8 14. Nc3 Be7 15.  O-O Re8 16. b4 b6 17. Qb3 e4 18. Bh5 Bf6 19. Bb2 Be5 20. Ne2 f4 21. Bxe5 dxe5  22. Nc3 Qg5 23. Nxe4 Qxh5 24. Nd6+ Kf8 25. Nxe8 Nh4 26. Nd6 Qg6 27. g3 Bh3 28.  Rfc1 Qxd6 29. c5 bxc5 30. Rxc5 Qg6 31. Re1 Qg4 32. Rc3 Bg2 33. Rxe5 fxg3 34.  Rxg3 Qd4 35. Qe3 Qxb4 36. Rgg5 0-1

[Event "URS-ch sf"]
[Site "Daugavpils"]
[Date "1978.??.??"]
[Round "?"]
[White "Zilberstein, Valery I"]
[Black "Dolmatov, Sergey"]
[Result "1/2-1/2"]
[WhiteElo "2200"]
[BlackElo "2495"]

1. d4 c5 2. d5 e5 3. Nc3 d6 4. e4 Be7 5. f4 exf4 6. Bxf4 Bg5 7. Bxg5 Qxg5 8.  Nf3 Qe3+ 9. Qe2 Qxe2+ 10. Bxe2 Nd7 11. Bb5 f6 12. O-O Ke7 13. a4 Nh6 14. Nd1  Nf7 15. Ne3 Nde5 16. a5 g6 17. Ra3 Bd7 18. Bxd7 Nxd7 19. Nc4 Kd8 20. Rb3 Kc7  21. a6 bxa6 22. Ra3 Kb7 23. Rfa1 Nb6 24. Nfd2 Ne5 25. Nxe5 fxe5 26. Rxa6 Rhf8  27. R6a3 Rf7 28. h3 a6 29. Rb3 Kc7 30. Rba3 Kb7 31. g3 Rff8 1/2-1/2

[Event "URS-ch sf"]
[Site "Daugavpils"]
[Date "1978.??.??"]
[Round "?"]
[White "Zilberstein, Valery I"]
[Black "Gusev, Vladimir A"]
[Result "1/2-1/2"]
[WhiteElo "2200"]
[BlackElo "2410"]

1. d4 Nf6 2. Nf3 c5 3. c4 cxd4 4. Nxd4 e5 5. Nb5 d5 6. cxd5 Bc5 7. e3 O-O 8.  N5c3 e4 9. a3 Qe7 10. Nd2 Bf5 11. b4 Bd6 12. Nc4 Nbd7 13. Bb2 a6 14. Qd4 Rfe8  15. Be2 Rad8 16. g4 Bxg4 17. Nxe4 Qxe4 18. Qxe4 Bxb4+ 19. axb4 Rxe4 20. Nd6  Rxb4 21. Ba3 Ra4 22. f3 Ne5 23. Nxb7 Rb8 24. fxg4 Rxb7 25. O-O Nxd5 26. Rfd1  Rd7 27. Bb2 Rxa1 28. Rxa1 1/2-1/2

[Event "URS-ch sf"]
[Site "Daugavpils"]
[Date "1978.??.??"]
[Round "?"]
[White "Zilberstein, Valery I"]
[Black "Kim, V."]
[Result "1-0"]
[WhiteElo "2200"]
[BlackElo "2200"]

1. d4 Nf6 2. c4 c5 3. Nf3 cxd4 4. Nxd4 b6 5. Nc3 Bb7 6. Bg5 a6 7. e4 Nxe4 8.  Nxe4 Bxe4 9. Qe2 Bg6 10. g4 f6 11. Bg2 Ra7 12. Bd2 e6 13. Rd1 Qc7 14. O-O h5  15. Nxe6 dxe6 16. Qxe6+ Qe7 17. Qxb6 Qc7 18. Rfe1+ Be7 19. Rxe7+ Kxe7 20. Bb4+  Kf7 21. Bd5+ Ke8 22. Qe6+ Kd8 23. Bb7+ Qd7 24. Ba5# 1-0

[Event "URS-ch sf"]
[Site "Daugavpils"]
[Date "1978.??.??"]
[Round "?"]
[White "Zilberstein, Valery I"]
[Black "Makarichev, Sergey"]
[Result "1/2-1/2"]
[WhiteElo "2200"]
[BlackElo "2495"]

1. d4 Nf6 2. c4 e6 3. g3 Bb4+ 4. Nd2 c5 5. dxc5 O-O 6. Bg2 Nc6 7. Nh3 Bxc5 8.  O-O b6 9. Nf4 Bb7 10. Ne4 Nxe4 11. Bxe4 Qc7 12. Nd3 Be7 13. b3 Bf6 14. Bf4 d6  15. Rc1 Rad8 16. Qd2 Nd4 17. Bxb7 Qxb7 18. Be3 Nf5 19. Bg5 Bxg5 20. Qxg5 Nd4  21. Qe3 e5 22. Nb4 b5 23. c5 dxc5 24. Rxc5 f6 25. Rfc1 Rc8 26. Nd5 Rxc5 27.  Rxc5 Ne6 28. Rc6 Nd4 1/2-1/2

[Event "URS-ch sf"]
[Site "Daugavpils"]
[Date "1978.??.??"]
[Round "?"]
[White "Zlotnik, Boris A"]
[Black "Korsunsky, Rostislav R"]
[Result "0-1"]
[WhiteElo "2430"]
[BlackElo "2200"]

1. c4 c5 2. b3 Nf6 3. Bb2 d5 4. cxd5 Qxd5 5. Nf3 Nc6 6. Nc3 Qd8 7. g3 e5 8. Bg2  Be7 9. O-O O-O 10. Rc1 Be6 11. Na4 Nd7 12. Ne1 Rc8 13. Nd3 b6 14. f4 f6 15.  fxe5 fxe5 16. Nc3 Rxf1+ 17. Qxf1 Nf6 18. Ne4 h6 19. Ndf2 Qd7 20. e3 Nxe4 21.  Nxe4 Nb4 22. Nf2 Qxd2 23. Bxe5 Rf8 24. Bf4 Nxa2 25. Rd1 Qb2 26. Rb1 Qd2 27. Bh3  Bf7 28. Rd1 Qc2 29. Rd7 Re8 30. Rxa7 Nc3 31. Bg4 Qxb3 32. Qd3 b5 33. Bd7 Rd8  34. Qf5 Rf8 35. Qg4 g5 36. Bc6 Qb1+ 37. Kg2 h5 38. Qd7 gxf4 39. Qxe7 Qg6 40.  Bf3 Nd5 41. Bxd5 Bxd5+ 42. e4 Re8 43. Qxc5 Bxe4+ 44. Kg1 Bc6 45. Qb4 Qe6 0-1

[Event "URS-ch sf"]
[Site "Daugavpils"]
[Date "1978.??.??"]
[Round "?"]
[White "Zlotnik, Boris A"]
[Black "Lukin, Andrei M"]
[Result "1/2-1/2"]
[WhiteElo "2430"]
[BlackElo "2460"]

1. Nf3 g6 2. e4 Bg7 3. d4 c6 4. Be2 d5 5. e5 Bg4 6. Nbd2 c5 7. c3 cxd4 8. cxd4  Nc6 9. O-O e6 10. b4 a6 11. h3 Bxf3 12. Nxf3 Nge7 13. b5 axb5 14. Bxb5 O-O 15.  a4 Qb6 16. Ba3 Rfc8 17. Rb1 Nf5 18. Bc5 Qa5 19. g4 Nh6 20. Bxc6 bxc6 21. Rb7  Qxa4 22. Qd2 Rab8 23. Ra7 Qb3 24. Qf4 Ra8 25. Rfa1 Rxa7 26. Rxa7 Qb8 27. Kg2  Rc7 28. Ra5 Rb7 29. Qc1 Bf8 30. Bxf8 Qxf8 31. Qxc6 Qd8 32. Ra3 Rc7 33. Qb6 Qc8  34. Ra5 Rc6 35. Qb4 Kg7 36. Ng5 Qd8 37. Qd2 Rc7 38. Ra6 Qe7 39. Qf4 Ng8 40. Ra8  Ra7 1/2-1/2

[Event "URS-ch sf"]
[Site "Daugavpils"]
[Date "1978.??.??"]
[Round "?"]
[White "Zlotnik, Boris A"]
[Black "Yurtaev, Leonid"]
[Result "1-0"]
[WhiteElo "2430"]
[BlackElo "2200"]

1. d4 g6 2. c4 Bg7 3. Nc3 c5 4. d5 d6 5. e4 Nf6 6. Bd3 O-O 7. Nge2 e6 8. Bg5 h6  9. Bh4 exd5 10. cxd5 a6 11. f3 Nbd7 12. O-O Ne5 13. Bc2 g5 14. Bf2 Nh5 15. Rb1  b6 16. Kh1 Ra7 17. b4 Ng6 18. Qd2 g4 19. fxg4 Bxg4 20. h3 Bc8 21. Nd1 Ne5 22.  Ng3 Nxg3+ 23. Bxg3 cxb4 24. Qxb4 Rc7 25. Ne3 b5 26. Qd2 Rc5 27. Rf2 a5 28. Nf5  Bxf5 29. exf5 Nc4 30. Qd3 Bf6 31. Re1 Kh7 32. Bf4 Nb6 33. Qd2 Rxd5 34. Qxa5 Nc4  35. Qb4 Qb6 36. Rfe2 Qc5 37. Qb3 Rg8 38. Qf3 Rd4 39. Qh5 Rxf4 40. Qxf7+ Rg7 41.  Qxf6 Ne3 42. Rxe3 Qxc2 43. Rg3 Rf1+ 44. Kh2 1-0